| 000 | 00780cam a22002534a 4500 | ||
|---|---|---|---|
| 008 | |||
| 020 | _a0195177843 (pbk.) | ||
| 020 | _a0195181956 (pbk.) | ||
| 049 | _aMAIN | ||
| 090 | 0 | 0 |
_aQ175 _bSAL |
| 100 | 1 | _aSalmon, Wesley C. | |
| 245 | 1 | 0 |
_aReality and rationality / _cWesley C. Salmon ; edited by Phil Dowe and Merrilee H. Salmon. |
| 260 |
_aOxford ; _aNew York : _bOxford University Press, _c2005. |
||
| 300 |
_axi, 285 p. : _bill. ; _c24 cm. |
||
| 504 | _aIncludes bibliographical references. | ||
| 650 | 0 |
_aScience _xPhilosophy. |
|
| 700 | 1 | _aDowe, Phil. | |
| 700 | 1 | _aSalmon, Merrilee H. | |
| 907 |
_a.b10268479 _b06-10-09 _c06-10-09 |
||
| 003 | |||
| 005 | 20230123124954.0 | ||
| 040 | _cNUST | ||
| 942 |
_cBOOKS _kQ175 _mSAL |
||
| 999 |
_c133473 _d133473 |
||